| 000 | 01129nam a2200229 i 4500 | ||
|---|---|---|---|
| 001 | 117245 | ||
| 003 | ES-MaACL | ||
| 005 | 20250814073324.0 | ||
| 007 | t| | ||
| 008 | 070301s1961 sp af |||| | spa d | ||
| 100 | 1 |
_aPaz López, G. _989775 |
|
| 245 | 1 | 0 |
_aPortomarín (Puertomarín) _b: [monografía geográfica de una villa medieval] / _cG. Paz López ; prólogo del Dr. D. Amando Melón y Ruiz de Gordejuela. |
| 260 |
_aZaragoza : _b[Librería General] : _bDepartamento de Geografía Aplicada del Instituto Elcano, _c1961. |
||
| 300 |
_a202 p., 26 lám. : _bil. ; _c17 cm + _e2 gráf. pleg. |
||
| 490 | 1 |
_aConsejo Superior de Investigaciones Científicas. Publicaciones del Departamento de Geografía Aplicada del Instituto Elcano ; _v27 |
|
| 651 | 4 |
_aPortomarín- _xDescripción. _9169497 |
|
| 700 | 1 |
_aMelón y Ruiz de Gordejuela, Amando, _d1895-1975 _980024 |
|
| 710 | 2 |
_aInstituto Juan Sebastián Elcano. _bDepartamento de Geografía Aplicada. _95114 |
|
| 830 | 0 | 0 |
_aPublicaciones del Departamento de Geografía Aplicada del Instituto Elcano _v27 _9241765 |
| 852 |
_aES-MaACL _jC-20286 |
||
| 999 |
_c117245 _d117245 |
||